|
|
|
|
| LEADER |
00987nam a2200217 i 4500 |
| 003 |
GR-PaULI |
| 005 |
20210117210714.0 |
| 008 |
180906s2001 gr g|||g b||| 001 0 gre d |
| 952 |
|
|
|0 0
|1 0
|2 ddc
|4 0
|6 792_809000000000000_495_ΤΥΡ
|7 0
|9 225445
|a THST
|b THST
|d 2018-09-06
|i 011007
|l 0
|o 792.809 495 ΤΥΡ
|p 025000255316
|r 2018-09-06 00:00:00
|t 1
|v 2018.00
|w 2018-09-06
|y BK15
|
| 999 |
|
|
|c 136051
|d 136051
|
| 020 |
|
|
|a 9600109079
|
| 040 |
|
|
|a GR-PaULI
|b gre
|c GR-PaULI
|e AACR2
|
| 082 |
0 |
4 |
|2 23
|a 792.809 495
|
| 100 |
1 |
|
|9 54097
|a Τυροβολά, Βασιλική Κ.
|e συγγραφέας
|
| 245 |
1 |
2 |
|a Ο ελληνικός χορός :
|b μια διαφορετική προσέγγιση /
|c Βασιλική Κ. Τυροβολά.
|
| 260 |
|
|
|a Αθήνα :
|b Gutenberg,
|c 2001.
|
| 300 |
|
|
|a 604 σ. :
|b μουσ. ;
|c 24 εκ.
|
| 504 |
|
|
|6 Περιλαμβάνει βιβλιογραφία και ευρετήριο.
|
| 650 |
|
4 |
|9 55193
|a Χορός
|z Ελλάδα
|
| 942 |
|
|
|2 ddc
|c BK15
|
| 998 |
|
|
|c ΜΑΝΙΑ
|d 2018-09
|